| Поле | Название | Значение |
| |
Тип записи |
a |
| |
Библиографический уровень |
m |
| 001 |
Контрольный номер |
RU\NLR\BIBL_A\011997485 |
| 005 |
Дата корректировки |
20230707133312.0 |
| 010 |
Индекс ISBN |
__ |
| a |
ISBN |
978-5-04-100176-6 |
| 9 |
Тираж |
6000 |
| d |
Цена |
245-85 |
| 021 |
№ государственной регистрации |
__ |
| a |
Код страны |
RU |
| b |
№ документа |
2019-23804 |
| 035 |
Другие системные номера |
__ |
| a |
Идентификатор записи |
(RuMoRGB)009935667 |
| 100 |
Данные общей обработки |
__ |
| a |
Данные общей обработки |
20190424d2019 e y0rusy0189 ca |
| 101 |
Язык документа |
1_ |
| a |
Язык текста |
rus |
| c |
Язык оригинала |
eng |
| 102 |
Страна публикации |
__ |
| a |
Страна публикации |
RU |
| 105 |
Кодированные данные (монография) |
__ |
| a |
Кодированные данные (монография) |
y z 000ay |
| 200 |
Заглавие и сведения об ответственности |
1_ |
| a |
Заглавие |
Леди Дым |
| f |
Первые сведения об ответственности |
Лора Себастьян |
| g |
Последующие сведения об ответственности |
[пер. с англ. Е. Ефимовой] |
| 210 |
Выходные данные |
1_ |
| a |
Место издания |
Москва |
| c |
Издательство |
Freedom |
| c |
Издательство |
Эксмо |
| d |
Дата издания |
2019 |
| 215 |
Физическое описание |
__ |
| a |
Объем |
541, [1] с. |
| d |
Формат |
21 |
| 225 |
Серия (Журнальная рубрика) |
1_ |
| a |
Серия (Журнальная рубрика) |
Young Adult |
| i |
Наименование части |
Наследница пламени |
| 300 |
Общие примечания |
__ |
| a |
Общие примечания |
На обл.: Свобода имеет свою цену |
| 333 |
Примечание о целевом назначении |
__ |
| a |
Примечание о целевом назначении |
16+ |
| 606 |
Тематические рубрики |
__ |
| a |
Основная рубрика |
Художественная литература |
| 606 |
Тематические рубрики |
__ |
| a |
Основная рубрика |
Литература Америки (произведения) |
| 610 |
Ключевые слова |
0_ |
| a |
Ключевые слова |
американская литература |
| 686 |
Индексы других классификаций |
__ |
| a |
Индекс ББК |
84(7Сое)6-4 |
| v |
Номер издания |
LBC/SL |
| 2 |
Код системы |
rubbk |
| 700 |
Автор |
_1 |
| a |
Фамилия |
Себастьян |
| b |
Имя |
Л. |
| g |
Полное личное имя |
Лора |
| 3 |
Контрольный № нормативной записи |
RU\NLR\AUTH\770192217 |
| 801 |
Источник записи |
_0 |
| a |
Страна |
RU |
| b |
Организация |
NLR |
| c |
Дата составления |
20190424 |
| g |
Правила каталогизации |
RCR |
| 801 |
Источник записи |
_1 |
| a |
Страна |
RU |
| b |
Организация |
NLR |
| c |
Дата составления |
20190424 |
| 2 |
Код формата |
rusmarc |
| 801 |
Источник записи |
_2 |
| a |
Страна |
RU |
| b |
Организация |
NLR |
| c |
Дата составления |
20190521 |
| 2 |
Код формата |
rusmarc |
| 801 |
Источник записи |
_2 |
| a |
Страна |
RU |
| b |
Организация |
Центральная районная библиотека им. Г. А. Пирожникова |
| 852 |
Данные о местонахождении |
__ |
| j |
Шифр хранения |
84(7Сое)6 |
| i |
Авторский знак |
С 28 |
| 901 |
Тип документа |
__ |
| t |
Тип документа |
m |
| 902 |
Роль лиц |
__ |
| b |
Редактор БЗ |
ОКиО/Струналь |